<?xml version="1.0" encoding="UTF-8"?>
<record
    xmlns:xsi="http://www.w3.org/2001/XMLSchema-instance"
    xsi:schemaLocation="http://www.loc.gov/MARC21/slim http://www.loc.gov/standards/marcxml/schema/MARC21slim.xsd"
    xmlns="http://www.loc.gov/MARC21/slim">

  <leader>02535cam a2200421 a 4500</leader>
  <controlfield tag="001">9217062</controlfield>
  <controlfield tag="003">AZMVBTROQ</controlfield>
  <controlfield tag="005">20220326193255.0</controlfield>
  <controlfield tag="008">110601s2011    ne a     b    001 0deng d</controlfield>
  <datafield tag="010" ind1=" " ind2=" ">
    <subfield code="a">  2011493522</subfield>
  </datafield>
  <datafield tag="020" ind1=" " ind2=" ">
    <subfield code="a">9789460830372</subfield>
  </datafield>
  <datafield tag="020" ind1=" " ind2=" ">
    <subfield code="a">9460830374</subfield>
  </datafield>
  <datafield tag="035" ind1=" " ind2=" ">
    <subfield code="a">(OCoLC)ocn712782706</subfield>
  </datafield>
  <datafield tag="035" ind1=" " ind2=" ">
    <subfield code="a">(OCoLC)712782706</subfield>
  </datafield>
  <datafield tag="035" ind1=" " ind2=" ">
    <subfield code="a">(NNC)9217062</subfield>
  </datafield>
  <datafield tag="040" ind1=" " ind2=" ">
    <subfield code="a">VVP</subfield>
    <subfield code="c">VVP</subfield>
    <subfield code="d">DLC</subfield>
    <subfield code="d">YDXCP</subfield>
    <subfield code="d">BWX</subfield>
    <subfield code="d">IUL</subfield>
    <subfield code="d">ERASA</subfield>
    <subfield code="d">NNC</subfield>
  </datafield>
  <datafield tag="042" ind1=" " ind2=" ">
    <subfield code="a">lccopycat</subfield>
  </datafield>
  <datafield tag="050" ind1="0" ind2="0">
    <subfield code="a">N6490</subfield>
    <subfield code="b">.O485 2011</subfield>
  </datafield>
  <datafield tag="082" ind1=" " ind2=" ">
    <subfield code="a">707</subfield>
    <subfield code="b">H677o</subfield>
  </datafield>
  <datafield tag="245" ind1="0" ind2="0">
    <subfield code="a">On horizons :</subfield>
    <subfield code="b">a critical reader in contemporary art /</subfield>
    <subfield code="c">edited by Maria Hlavajova, Simon Sheikh, and Jill Winder.</subfield>
  </datafield>
  <datafield tag="246" ind1="3" ind2="0">
    <subfield code="a">Critical reader in contemporary art</subfield>
  </datafield>
  <datafield tag="260" ind1=" " ind2=" ">
    <subfield code="a">Utrecht :</subfield>
    <subfield code="b">BAK, basis voor actuele kunst ;</subfield>
    <subfield code="a">Rotterdam :</subfield>
    <subfield code="b">Post Editions,</subfield>
    <subfield code="c">c2011.</subfield>
  </datafield>
  <datafield tag="300" ind1=" " ind2=" ">
    <subfield code="a">239 p. :</subfield>
    <subfield code="b">ill. ;</subfield>
    <subfield code="c">17 cm.</subfield>
  </datafield>
  <datafield tag="490" ind1="1" ind2=" ">
    <subfield code="a">BAK critical reader series</subfield>
  </datafield>
  <datafield tag="500" ind1=" " ind2=" ">
    <subfield code="a">"On Horizons: A Critical Reader in Contemporary Art is linked to two projects in which the notion of horizon was engaged with: Vectors of the Possible, FORMER WEST Research Exhibition, and On Horizons: Art and the Political Imagination, the 2nd FORMER WEST Research Congress"--P.219.</subfield>
  </datafield>
  <datafield tag="504" ind1=" " ind2=" ">
    <subfield code="a">Includes bibliographical references and index.</subfield>
  </datafield>
  <datafield tag="505" ind1="0" ind2="0">
    <subfield code="t">The Nth field : the horizon reloaded /</subfield>
    <subfield code="r">Nancy Adajania and Ranjit Hoskote --</subfield>
    <subfield code="t">The communist horizon /</subfield>
    <subfield code="r">Jodi Dean --</subfield>
    <subfield code="t">Is another world possible? The politics of utopia and the surpassing of capitalism in recent exhibition practice /</subfield>
    <subfield code="r">T.J. Demos --</subfield>
    <subfield code="t">Certain resemblances : notes on performance, event and political images /</subfield>
    <subfield code="r">Sharon Hayes --</subfield>
    <subfield code="t">Horizon, ground and lived experience /</subfield>
    <subfield code="r">Ernesto Laclau --</subfield>
    <subfield code="t">Expecting the unexpected : beyond the "horizon of expectation" /</subfield>
    <subfield code="r">Peter Osborne --</subfield>
    <subfield code="t">From the perspective of hope : a conversation between Alexei Penzin and Dmitry Vilensky --</subfield>
    <subfield code="t">Vectors of the possible : art between spaces of experience and horizons of expectation /</subfield>
    <subfield code="r">Simon Sheikh --</subfield>
    <subfield code="t">In free fall : a thought experiment /</subfield>
    <subfield code="r">Hito Steyerl --</subfield>
    <subfield code="t">Organizing the silence /</subfield>
    <subfield code="r">Ultra-red.</subfield>
  </datafield>
  <datafield tag="650" ind1=" " ind2="0">
    <subfield code="a">Art criticism.</subfield>
    <subfield code="9">14</subfield>
  </datafield>
  <datafield tag="650" ind1=" " ind2="0">
    <subfield code="a">Art, Modern</subfield>
    <subfield code="y">21st century</subfield>
    <subfield code="x">Political aspects.</subfield>
    <subfield code="9">1048</subfield>
  </datafield>
  <datafield tag="650" ind1=" " ind2="0">
    <subfield code="y">s. XXI</subfield>
    <subfield code="x">arte-critica</subfield>
    <subfield code="x">arte moderno-aspectos politicos</subfield>
    <subfield code="x">arte moderno-aspectos sociales</subfield>
    <subfield code="9">1049</subfield>
  </datafield>
  <datafield tag="650" ind1=" " ind2="0">
    <subfield code="a">Art, Modern</subfield>
    <subfield code="y">21st century</subfield>
    <subfield code="x">Social aspects.</subfield>
    <subfield code="9">1050</subfield>
  </datafield>
  <datafield tag="700" ind1="1" ind2=" ">
    <subfield code="a">Hlavajova, Maria,</subfield>
    <subfield code="d">1971-</subfield>
    <subfield code="9">1051</subfield>
  </datafield>
  <datafield tag="700" ind1="1" ind2=" ">
    <subfield code="a">Sheikh, Simon.</subfield>
    <subfield code="9">1052</subfield>
  </datafield>
  <datafield tag="700" ind1="1" ind2=" ">
    <subfield code="a">Winder, Jill,</subfield>
    <subfield code="d">1975-</subfield>
    <subfield code="9">1053</subfield>
  </datafield>
  <datafield tag="830" ind1=" " ind2="0">
    <subfield code="a">BAK critical reader series.</subfield>
    <subfield code="9">1054</subfield>
  </datafield>
  <datafield tag="948" ind1="1" ind2=" ">
    <subfield code="a">20120416</subfield>
    <subfield code="b">c</subfield>
    <subfield code="c">fra1</subfield>
    <subfield code="d">OSMC</subfield>
  </datafield>
  <datafield tag="999" ind1=" " ind2=" ">
    <subfield code="c">227</subfield>
    <subfield code="d">227</subfield>
  </datafield>
  <datafield tag="952" ind1=" " ind2=" ">
    <subfield code="0">0</subfield>
    <subfield code="1">0</subfield>
    <subfield code="2">ddc</subfield>
    <subfield code="4">0</subfield>
    <subfield code="7">0</subfield>
    <subfield code="a">LV</subfield>
    <subfield code="b">LV</subfield>
    <subfield code="c">Pensamiento</subfield>
    <subfield code="d">2014-06-16</subfield>
    <subfield code="l">0</subfield>
    <subfield code="o">707 H677o</subfield>
    <subfield code="p">000254</subfield>
    <subfield code="r">2014-06-16 00:00:00</subfield>
    <subfield code="w">2014-06-16</subfield>
    <subfield code="y">01</subfield>
  </datafield>
</record>
